Представление документа в формате RUSMARC

ПолеНазваниеЗначение
  Тип записи a
  Библиографический уровень m
001 Контрольный номер RU/ГПНТБ России/IBIS/84(2=411.2)6/А 46-371947973
005 Дата корректировки 20260618115233.9
010 Индекс ISBN __
a ISBN 978-5-04-228636-0
b Уточнения в пер.
9 Тираж 2500
100 Данные общей обработки __
a Данные общей обработки 20260618d2026 ma y0rusy0250
101 Язык документа 0_
a Язык текста rus
102 Страна публикации __
a Страна публикации RU
105 Кодированные данные (монография) __
a Кодированные данные (монография) y z 000zy
181 Поле кодированных данных: вид содержания _0
a Код вида содержания (ISBD) i
182 Поле кодированных данных: тип средства _0
a Код типа средства (ISBD) n
200 Заглавие и сведения об ответственности 1_
a Заглавие Зеркало Архимеда
e Сведения, относящиеся к заглавию [роман]
f Первые сведения об ответственности Наталья Александрова
203 Вид содержания и тип средства __
c Тип средства непосредственный
a Вид содержания Текст
210 Выходные данные 1_
a Место издания Москва
c Издательство Эксмо
d Дата издания 2026
215 Физическое описание __
a Объем 316 с.
d Формат 21 см
225 Серия 2_
a Серия Артефакт & Детектив
300 Общие примечания __
a Общие примечания Фактически книга издана в 2025 г.
320 Библиография __
a Библиография Другие произведения автора: с. 2
333 Примечание о целевом назначении __
a Примечание о целевом назначении информационная продукция для детей, достигших возраста шестнадцати лет
333 Примечание о целевом назначении __
a Примечание о целевом назначении для взрослых, общего характера
333 Примечание о целевом назначении __
a Примечание о целевом назначении для юношества, общего характера
517 Другие варианты заглавия 1_
a Другие варианты заглавия Артефакт и детектив
606 Тематические рубрики __
a Основная рубрика Художественная литература русская
x Основная подрубрика Проза
z Хронологическая подрубрика 21 в.
2 Код системы nlr_sh
686 Индексы других классификаций __
2 Код системы rubbk
a Классификационный индекс 84(2=411.2)6-44
686 Индексы других классификаций __
2 Код системы rugasnti
a Классификационный индекс 17.82
700 Автор _1
a Фамилия Александрова
b Имя Н. Н.
g Полное личное имя Наталья Николаевна
f Даты 1954-
4 Код отношения 070
801 Источник записи _0
b Организация ГПНТБ России
a Страна RU
c Дата составления 20260618
801 Источник записи _1
b Организация ГПНТБ России
a Страна RU
c Дата составления 20260618
852 Данные о местонахождении 5_
a Наименование организации ГПНТБ России
m Суффикс шифра хранения 111106183
b Сигла хранения ЦГБ
j Шифр хранения 84(2=411.2)6
p Инвентарный номер RU
899 Данные о местонахождении __
a Местонахождение ГПНТБ России
p Штрих-код 111106183
b Место хранения ЦГБ
h Классификационная часть РШ 84(2=411.2)6-44
i Авторский знак А 46
901 Тип документа __
a Ответственный заим.